[Event "V Trofeo Alfiere"]
[Site "Roma "]
[Date "1982.??.??"]
[Round "8"]
[White "Pangrazzi, Marco"]
[Black "Steinfl, Alessandro"]
[Result "1-0"]
[WhiteElo "2260"]
[BlackElo "1985"]
[PlyCount "79"]
[EventDate "1982.??.??"]
[EventType "swiss"]
[EventRounds "9"]
[EventCountry "ITA"]
[SourceDate "2005.09.12"]

1. e4 c5 2. Nf3 Nc6 3. d4 cxd4 4. Nxd4 Nf6 5. Nc3 e5 6. Ndb5 d6 7. Bg5 a6 8.
Na3 b5 9. Bxf6 gxf6 10. Nd5 f5 11. Bd3 Be6 12. c4 Bxd5 13. cxd5 Nd4 14. exf5
Qg5 15. O-O Rc8 16. Nc2 Rg8 17. g3 Nxc2 18. Bxc2 Qg4 19. a4 b4 20. Bd3 a5 21.
f6 Qh3 22. Rc1 Rc5 23. Rxc5 dxc5 24. Qe2 Bd6 25. Bxh7 Rh8 26. Qa6 Rxh7 27. Qa8+
Kd7 28. Qc6+ Kd8 29. Qxd6+ Kc8 30. Qxc5+ Kb8 31. Qb5+ Ka7 32. Qxa5+ Kb7 33.
Qxb4+ Ka7 34. Qc5+ Kb7 35. Rc1 Qxh2+ 36. Kf1 Qh1+ 37. Ke2 Qh5+ 38. f3 Qh2+ 39.
Qf2 Qh6 40. Rc6 1-0

[Event "V Trofeo Alfiere"]
[Site "Roma "]
[Date "1982.??.??"]
[Round "8"]
[White "Piasini, Antonio"]
[Black "Lantini, Marco"]
[Result "1-0"]
[WhiteElo "1955"]
[BlackElo "1900"]
[PlyCount "41"]
[EventDate "1982.??.??"]
[EventType "swiss"]
[EventRounds "9"]
[EventCountry "ITA"]
[SourceDate "2005.09.12"]

1. d4 Nf6 2. Nf3 e6 3. c4 d5 4. Nc3 c6 5. Bg5 dxc4 6. e4 b5 7. e5 h6 8. Bh4 g5
9. exf6 gxh4 10. Ne5 Bb7 11. Nxf7 Qxf6 12. Nxh8 Qxh8 13. Qh5+ Kd7 14. O-O-O Be7
15. g3 Na6 16. Bh3 Nb4 17. d5 Nxd5 18. Rhe1 Qh7 19. Bxe6+ Kd8 20. Bf5 Bg5+ 21.
Qxg5+ {...} 1-0

[Event "V Trofeo Alfiere"]
[Site "Roma "]
[Date "1982.??.??"]
[Round "8"]
[White "Saetta, Alfredo"]
[Black "Colombo, Paolo"]
[Result "0-1"]
[WhiteElo "2025"]
[BlackElo "2030"]
[PlyCount "91"]
[EventDate "1982.??.??"]
[EventType "swiss"]
[EventRounds "9"]
[EventCountry "ITA"]
[SourceDate "2005.09.12"]

1. e4 c6 2. d4 d5 3. exd5 cxd5 4. c4 Nf6 5. Nf3 g6 6. Qb3 Bg7 7. cxd5 O-O 8.
Bc4 Nbd7 9. Nc3 Nb6 10. Ne5 Bf5 11. O-O Rc8 12. Be3 Nxc4 13. Nxc4 Bd3 14. Ne5
Bxf1 15. Rxf1 Qb6 16. Qa3 Rc7 17. Rd1 Rd8 18. Na4 Qd6 19. Nc5 Nxd5 20. Qb3 Qb6
21. Qxb6 axb6 22. Ncd3 f6 23. Nf3 e5 24. Nde1 Nxe3 25. fxe3 exd4 26. exd4 f5
27. Kf1 Rc4 28. h3 Bxd4 29. b3 Rc5 30. Rxd4 Ra8 31. a4 b5 32. b4 Rc1 33. a5
Rac8 34. Rd5 Rb1 35. Rxb5 Rc4 36. Rxb7 Rcxb4 37. Ra7 Ra4 38. Nd2 Rba1 39. Nb3
Rf4+ 40. Ke2 Re4+ 41. Kd2 Raxe1 42. a6 R1e2+ 43. Kc3 R2e3+ 44. Kc2 Rc4+ 45. Kb2
Rb4 46. Ka2 {...} 0-1

[Event "V Trofeo Alfiere"]
[Site "Roma "]
[Date "1982.??.??"]
[Round "8"]
[White "Sibilio, Mario"]
[Black "Amovilli, Mauro"]
[Result "1-0"]
[WhiteElo "2305"]
[BlackElo "1900"]
[PlyCount "41"]
[EventDate "1982.??.??"]
[EventType "swiss"]
[EventRounds "9"]
[EventCountry "ITA"]
[SourceDate "2005.09.12"]

1. d4 d5 2. Nf3 e6 3. g3 f5 4. c4 c6 5. Qc2 Bd6 6. Bg5 Nf6 7. Nc3 Nbd7 8. cxd5
exd5 9. Bh3 g6 10. g4 f4 11. O-O-O O-O 12. e4 dxe4 13. Nxe4 Be7 14. Bh6 Re8 15.
Ne5 Nd5 16. Rhe1 Qa5 17. Nxg6 Qxa2 18. Nc3 Nxc3 19. Rxe7 Ne2+ 20. Qxe2 Qa1+ 21.
Kc2 1-0

[Event "V Trofeo Alfiere"]
[Site "Roma "]
[Date "1982.??.??"]
[Round "8"]
[White "Tatai, Stefano"]
[Black "Kovacevic, Slobodan"]
[Result "1-0"]
[WhiteElo "2440"]
[BlackElo "2245"]
[PlyCount "99"]
[EventDate "1982.??.??"]
[EventType "swiss"]
[EventRounds "9"]
[EventCountry "ITA"]
[SourceDate "2005.09.12"]

1. d4 Nf6 2. Nf3 c5 3. d5 g6 4. c4 Bg7 5. Nc3 d6 6. e4 O-O 7. h3 Na6 8. Bd3 Nc7
9. a4 b6 10. O-O a6 11. Re1 Nd7 12. Bf4 Ne5 13. Nxe5 dxe5 14. Bh2 Rb8 15. f4
exf4 16. e5 b5 17. axb5 axb5 18. b3 bxc4 19. bxc4 Ne6 20. Kh1 Nd4 21. Bxf4 e6
22. d6 Rb3 23. Nb5 Rb2 24. Nxd4 cxd4 25. Qc1 Rb3 26. Ra3 Rxa3 27. Qxa3 Qh4 28.
Qc1 Bb7 29. Kh2 Ra8 30. Bg3 Qd8 31. Qb2 Bc6 32. Qxd4 f5 33. exf6 Bxf6 34. Be5
Ra2 35. Re2 Bxe5+ 36. Qxe5 Rxe2 37. Bxe2 Kf7 38. Bg4 Qd7 39. c5 h5 40. Bf3 Bxf3
41. Qf4+ Kg7 42. Qxf3 e5 43. Qd5 Qf5 44. d7 Qf4+ 45. Kg1 Qc1+ 46. Kf2 Qc2+ 47.
Kg3 Qf5 48. Qd2 e4 49. Qd4+ Kh7 50. d8=Q 1-0

[Event "V Trofeo Alfiere"]
[Site "Roma "]
[Date "1982.??.??"]
[Round "8"]
[White "Tribuiani, Renato"]
[Black "Gallo, Enrico"]
[Result "1-0"]
[WhiteElo "2070"]
[BlackElo "1900"]
[PlyCount "97"]
[EventDate "1982.??.??"]
[EventType "swiss"]
[EventRounds "9"]
[EventCountry "ITA"]
[SourceDate "2005.09.12"]

1. e4 e6 2. d4 d5 3. e5 c5 4. Nf3 cxd4 5. Bd3 Nc6 6. O-O Nge7 7. Bf4 Ng6 8. Bg3
Bc5 9. Nbd2 a6 10. Nb3 Ba7 11. h4 f6 12. Re1 O-O 13. Bxg6 hxg6 14. Qd3 Nxe5 15.
Rxe5 fxe5 16. Bxe5 Bb8 17. Re1 Bxe5 18. Rxe5 Qc7 19. Nbxd4 Rf6 20. c3 Bd7 21.
Rg5 Raf8 22. Ne5 Bb5 23. Qg3 Rxf2 24. Nxe6 Qb6 25. Nd4 Bf1 26. Rxg6 Qxb2 27.
Rxg7+ Kh8 28. Ng6+ Kxg7 29. Nxf8+ Kxf8 30. Qxf2+ Qxf2+ 31. Kxf2 Bd3 32. Ke3 Bb1
33. a3 Kg7 34. Ne6+ Kg6 35. Nc5 Kf5 36. Kd4 Ba2 37. h5 Kg5 38. g4 Bc4 39. Nxb7
Be2 40. Nc5 Bxg4 41. Nxa6 Bxh5 42. Kxd5 Kf6 43. Kd6 Kf5 44. Nc5 Kf4 45. Ne6+
Ke3 46. c4 Bg6 47. c5 Kd3 48. c6 Kc4 49. Nc5 1-0

[Event "V Trofeo Alfiere"]
[Site "Roma "]
[Date "1982.??.??"]
[Round "8"]
[White "Wagman, Stuart"]
[Black "Bellia, Fabrizio"]
[Result "1/2-1/2"]
[WhiteElo "2255"]
[BlackElo "1900"]
[PlyCount "28"]
[EventDate "1982.??.??"]
[EventType "swiss"]
[EventRounds "9"]
[EventCountry "ITA"]
[SourceDate "2005.09.12"]

1. e4 c5 2. Nf3 d6 3. d4 cxd4 4. Nxd4 Nf6 5. Nc3 Nc6 6. Bg5 Bd7 7. Qd2 Rc8 8.
O-O-O Nxd4 9. Qxd4 Qa5 10. Bd2 g6 11. Kb1 Qc5 12. Qxc5 Rxc5 13. f3 a6 14. Be3
Rc8 1/2-1/2

[Event "V Trofeo Alfiere"]
[Site "Roma "]
[Date "1982.??.??"]
[Round "9"]
[White "Amovilli, Mauro"]
[Black "Ianniello, Riccardo"]
[Result "1/2-1/2"]
[WhiteElo "1900"]
[BlackElo "2205"]
[PlyCount "103"]
[EventDate "1982.??.??"]
[EventType "swiss"]
[EventRounds "9"]
[EventCountry "ITA"]
[SourceDate "2005.09.12"]

1. e4 e5 2. d4 exd4 3. Nf3 d6 4. Nxd4 Be7 5. Nc3 Nf6 6. Bf4 O-O 7. Qd2 a6 8. f3
d5 9. Nxd5 Nxd5 10. exd5 Qxd5 11. Bxc7 Nc6 12. Nb3 Bh4+ 13. Bg3 Qe5+ 14. Kf2
Bxg3+ 15. hxg3 Bf5 16. Bd3 Rfd8 17. Rh5 g6 18. Rxf5 gxf5 19. Qg5+ Qg7 20. Qxf5
Nd4 21. Nxd4 Qxd4+ 22. Kf1 Qg7 23. Kf2 Rd6 24. Re1 Rad8 25. Re7 b5 26. a4 bxa4
27. Kf1 Kf8 28. Ra7 Rh6 29. Qc5+ Kg8 30. Qe7 Rf8 31. Rb7 Qxg3 32. Be4 Rh1+ 33.
Ke2 Qxg2+ 34. Kd3 Rd1+ 35. Kc4 Qg7 36. c3 Rfd8 37. Kb4 Re8 38. Qh4 Rd6 39. Kxa4
Rh6 40. Qf4 Rf6 41. Qc7 Qg5 42. c4 Qg1 43. Qd7 Qa1+ 44. Kb3 Rxe4 45. Qc8+ Kg7
46. fxe4 Rf3+ 47. Kc2 Rf2+ 48. Kc3 Qc1+ 49. Kd4 Qd2+ 50. Kc5 Qe3+ 51. Kd6 Rf6+
52. Kd7 {...} 1/2-1/2

[Event "V Trofeo Alfiere"]
[Site "Roma "]
[Date "1982.??.??"]
[Round "9"]
[White "Bellia, Fabrizio"]
[Black "Micalizzi, Giovanni"]
[Result "1-0"]
[WhiteElo "1900"]
[BlackElo "2005"]
[PlyCount "44"]
[EventDate "1982.??.??"]
[EventType "swiss"]
[EventRounds "9"]
[EventCountry "ITA"]
[SourceDate "2005.09.12"]

1. b3 d5 2. Bb2 c5 3. Nf3 f6 4. c4 d4 5. b4 e5 6. bxc5 Bxc5 7. d3 Nc6 8. g3 f5
9. Nbd2 Nf6 10. Qc2 O-O 11. Bg2 Nb4 12. Qb1 e4 13. Ne5 Qe7 14. a3 Qxe5 15. axb4
Bxb4 16. Qc2 Ng4 17. O-O Nxf2 18. Rxf2 Bxd2 19. Kh1 Be3 20. Rff1 Rf6 21. dxe4
Qxg3 22. Rf3 Qg6 {...} 1-0

[Event "V Trofeo Alfiere"]
[Site "Roma "]
[Date "1982.??.??"]
[Round "9"]
[White "Colombo, Paolo"]
[Black "Gallo, Enrico"]
[Result "1-0"]
[WhiteElo "2030"]
[BlackElo "1900"]
[PlyCount "83"]
[EventDate "1982.??.??"]
[EventType "swiss"]
[EventRounds "9"]
[EventCountry "ITA"]
[SourceDate "2005.09.12"]

1. c4 e5 2. Nc3 Nc6 3. g3 f5 4. Bg2 Nf6 5. d3 Bc5 6. Nf3 O-O 7. O-O d6 8. Rb1
a5 9. b3 Qe8 10. a3 Qh5 11. Nd5 Nxd5 12. cxd5 Ne7 13. d4 exd4 14. Nxd4 f4 15.
Ne6 fxg3 16. hxg3 Bxe6 17. dxe6 Rxf2 18. Rxf2 Rf8 19. Bf3 Bxf2+ 20. Kxf2 Qh2+
21. Ke3 Qxg3 22. Kd2 Qg6 23. Bb2 Qxe6 24. Qc2 Nf5 25. Rh1 Qe3+ 26. Ke1 c6 27.
Qc3 Qg5 28. Qxa5 d5 29. Qd2 Ne3 30. Qd3 h6 31. Bd4 Qg3+ 32. Kd2 Nf5 33. Bc5 Rf7
34. Rg1 Qf4+ 35. Kc2 g5 36. Rg4 Qe5 37. Ra4 Re7 38. Bg4 Rf7 39. Kb1 Kg7 40. Bh5
Rd7 41. Bd4 Nxd4 42. Qg6+ 1-0

[Event "V Trofeo Alfiere"]
[Site "Roma "]
[Date "1982.??.??"]
[Round "9"]
[White "Favale, Paolo"]
[Black "Piasini, Antonio"]
[Result "0-1"]
[WhiteElo "1900"]
[BlackElo "1955"]
[PlyCount "72"]
[EventDate "1982.??.??"]
[EventType "swiss"]
[EventRounds "9"]
[EventCountry "ITA"]
[SourceDate "2005.09.12"]

1. e4 c5 2. Nf3 Nc6 3. d4 cxd4 4. Nxd4 e6 5. Nc3 Qc7 6. Be2 a6 7. O-O Nf6 8.
Be3 Be7 9. f4 d6 10. Qe1 Nxd4 11. Bxd4 b5 12. Qg3 b4 13. Na4 Qxc2 14. Nb6 Qxe4
15. Rad1 Qxe2 16. Nxa8 O-O 17. Nb6 Qb5 18. Rc1 Bd7 19. Rc7 Rd8 20. Rfc1 Ne8 21.
Rb7 Bf8 22. a4 bxa3 23. bxa3 Bc6 24. Ra7 Rb8 25. Qf2 Be4 26. a4 Qd3 27. h3 f6
28. Rc3 Qb1+ 29. Kh2 e5 30. fxe5 dxe5 31. Be3 Bb4 32. Qd2 Bxc3 33. Qd5+ Kh8 34.
Qf7 Bb4 35. Bh6 gxh6 36. Nd7 Qf1 0-1

[Event "V Trofeo Alfiere"]
[Site "Roma "]
[Date "1982.??.??"]
[Round "9"]
[White "Gervasi, Giancarlo"]
[Black "Pangrazzi, Marco"]
[Result "1/2-1/2"]
[WhiteElo "2125"]
[BlackElo "2260"]
[PlyCount "26"]
[EventDate "1982.??.??"]
[EventType "swiss"]
[EventRounds "9"]
[EventCountry "ITA"]
[SourceDate "2005.09.12"]

1. c4 Nf6 2. Nc3 c5 3. Nf3 Nc6 4. e3 g6 5. d4 cxd4 6. exd4 d5 7. cxd5 Nxd5 8.
Bc4 Nb6 9. Bb5 Bg7 10. Ne5 Bd7 11. Bxc6 Bxc6 12. Nxc6 bxc6 13. Be3 O-O 1/2-1/2

[Event "V Trofeo Alfiere"]
[Site "Roma "]
[Date "1982.??.??"]
[Round "9"]
[White "Kovacevic, Slobodan"]
[Black "Wagman, Stuart"]
[Result "0-1"]
[WhiteElo "2245"]
[BlackElo "2255"]
[PlyCount "80"]
[EventDate "1982.??.??"]
[EventType "swiss"]
[EventRounds "9"]
[EventCountry "ITA"]
[SourceDate "2005.09.12"]

1. e4 c5 2. Nf3 d6 3. c3 Nf6 4. h3 g6 5. Bd3 Bg7 6. O-O O-O 7. Bc2 e5 8. d3 a6
9. a4 b6 10. Nbd2 Nbd7 11. Nc4 Qc7 12. Be3 Bb7 13. Qd2 d5 14. exd5 Nxd5 15. Bh6
Nf4 16. Bxg7 Kxg7 17. Qe3 Rae8 18. Ne1 Nf6 19. f3 N6d5 20. Qd2 Qd8 21. Qf2 f5
22. Kh2 e4 23. dxe4 fxe4 24. Bxe4 Nh5 25. Nd2 Qc7+ 26. g3 Nxc3 27. bxc3 Bxe4
28. Nxe4 Rxe4 29. Ng2 Re2 30. Qxe2 Nxg3 31. Qxa6 Nxf1+ 32. Kg1 Qh2+ 33. Kf2 Nd2
34. Qb7+ Rf7 35. Qd5 Rxf3+ 36. Qxf3 Nxf3 37. Kxf3 Qxh3+ 38. Kf2 Qxc3 39. Ra2
Qd4+ 40. Ne3 Qf4+ 0-1

[Event "V Trofeo Alfiere"]
[Site "Roma "]
[Date "1982.??.??"]
[Round "9"]
[White "Saetta, Alfredo"]
[Black "Lantini, Marco"]
[Result "1/2-1/2"]
[WhiteElo "2025"]
[BlackElo "1900"]
[PlyCount "94"]
[EventDate "1982.??.??"]
[EventType "swiss"]
[EventRounds "9"]
[EventCountry "ITA"]
[SourceDate "2005.09.12"]

1. d4 Nf6 2. c4 g6 3. Nc3 d5 4. Nf3 Bg7 5. g3 O-O 6. Bg2 c6 7. cxd5 Nxd5 8. O-O
Nd7 9. Nxd5 cxd5 10. Qb3 Nb6 11. Rd1 Bd7 12. a4 Qe8 13. Qe3 Bxa4 14. b3 Bc6 15.
Ba3 Qd7 16. Ne5 Qc7 17. Nxc6 bxc6 18. Qxe7 Qxe7 19. Bxe7 Rfe8 20. Bc5 Nd7 21.
Ra2 Nxc5 22. dxc5 a5 23. e3 Reb8 24. e4 d4 25. e5 Rb4 26. f4 Bf8 27. Bxc6 Rc8
28. Ba4 Rxc5 29. Rad2 Rc3 30. Kg2 Bc5 31. Rd3 Rc2+ 32. R1d2 Rc3 33. Kf3 Rb8 34.
g4 Kf8 35. Ke4 Rxd3 36. Kxd3 Ke7 37. Rc2 Rc8 38. Ke4 Kd8 39. h3 Rc7 40. Bb5 Ke7
41. Kd5 Bb6 42. Rxc7+ Bxc7 43. Kxd4 f6 44. Kd5 fxe5 45. fxe5 h5 46. g5 Bb8 47.
Bd3 h4 1/2-1/2

[Event "V Trofeo Alfiere"]
[Site "Roma "]
[Date "1982.??.??"]
[Round "9"]
[White "Sibilio, Mario"]
[Black "Tribuiani, Renato"]
[Result "1/2-1/2"]
[WhiteElo "2305"]
[BlackElo "2070"]
[PlyCount "118"]
[EventDate "1982.??.??"]
[EventType "swiss"]
[EventRounds "9"]
[EventCountry "ITA"]
[SourceDate "2005.09.12"]

1. d4 c5 2. d5 d6 3. Nc3 g6 4. e4 Bg7 5. Be2 Nf6 6. h4 h5 7. Nh3 Na6 8. Ng5 Ng4
9. f3 Bxc3+ 10. bxc3 Ne5 11. Rb1 Nc7 12. Qd2 b6 13. c4 f6 14. Nh3 Kf7 15. Nf2
Ba6 16. Qc3 Qd7 17. f4 Ng4 18. e5 Qa4 19. Rf1 Qa5 20. Qxa5 bxa5 21. Ne4 Rhd8
22. Rb3 a4 23. Ra3 Rab8 24. Rxa4 Rb1 25. Kd2 f5 26. Nc3 Rb4 27. e6+ Kg7 28. Ba3
Rxa4 29. Nxa4 Rb8 30. Bb2+ Nf6 31. Bc3 Nce8 32. Bd3 Kf8 33. Re1 Rb7 34. a3 Rb8
35. Ba5 Bc8 36. Nc3 Ba6 37. a4 Rb2 38. Kc1 Rb7 39. Nb5 Bxb5 40. axb5 a6 41.
bxa6 Ra7 42. Kb2 Rxa6 43. Ra1 Ra8 44. Ra3 Ra7 45. Bc3 Rxa3 46. Kxa3 Ng8 47. Ka4
Ng7 48. Kb5 Ne8 49. Kc6 Ngf6 50. Ba5 Ng8 51. Bb6 Nef6 52. Bxc5 dxc5 53. Kxc5
Ke8 54. Kc6 Kd8 55. c5 Ne4 56. Bb5 Ngf6 57. c4 Ne8 58. Kb7 Nc7 59. Bd7 Nd2
1/2-1/2

[Event "V Trofeo Alfiere"]
[Site "Roma "]
[Date "1982.??.??"]
[Round "9"]
[White "Steinfl, Alessandro"]
[Black "Sammuri, Andrea"]
[Result "1/2-1/2"]
[WhiteElo "1985"]
[BlackElo "1900"]
[PlyCount "71"]
[EventDate "1982.??.??"]
[EventType "swiss"]
[EventRounds "9"]
[EventCountry "ITA"]
[SourceDate "2005.09.12"]

1. e4 c5 2. Nf3 Nc6 3. d4 cxd4 4. Nxd4 e5 5. Nb5 a6 6. Nd6+ Bxd6 7. Qxd6 Qf6 8.
Qd1 Qg6 9. Nc3 Nge7 10. h4 h5 11. Bg5 d5 12. Bd3 Nb4 13. Bxe7 Kxe7 14. Qd2 d4
15. Nd5+ Nxd5 16. exd5 Qd6 17. O-O f5 18. Rae1 Kf7 19. Bc4 b5 20. Bb3 g6 21. f4
e4 22. Qxd4 Bb7 23. Qe5 Rhd8 24. Rd1 Rac8 25. Rd2 Rc7 26. Qxd6 Rxd6 27. Kf2 Ke7
28. Ke3 Rd8 29. d6+ Rxd6 30. Rxd6 Kxd6 31. Rd1+ Ke7 32. a4 bxa4 33. Bxa4 Bc6
34. Bb3 Bb7 35. Rd4 Bc6 36. c3 1/2-1/2

[Event "11e tournoi d'automne - tournoi A"]
[Site "Montigny le Bretonneux"]
[Date "2012.10.27"]
[Round "1.1"]
[White "Fruchard, Cyrille"]
[Black "Trommsdorf, Fro"]
[Result "1-0"]
[WhiteElo "1902"]
[BlackElo "2040"]
[PlyCount "69"]
[EventDate "2012.10.??"]
[EventType "tourn"]
[EventRounds "9"]
[EventCountry "FRA"]
[SourceDate "2005.09.12"]

{Gambit dame} 1. d4 Nf6 2. c4 e6 3. Nc3 d5 4. cxd5 exd5 5. Bg5 Be7 6. e3 O-O 7.
Nf3 b6 8. Bd3 Bb7 9. O-O Nbd7 10. Qc2 c5 11. dxc5 bxc5 12. Rfe1 h6 13. Bh4 Re8
14. Rad1 Qb6 15. Bf5 Rad8 16. Rd2 Bc6 17. Bxd7 Rxd7 18. Ne5 Rdd8 19. Nxc6 Qxc6
20. Red1 g5 21. Bg3 Qe6 22. Qb3 Ne4 23. Nxe4 dxe4 24. Qxe6 fxe6 25. Kf1 Rxd2
26. Rxd2 Rd8 27. Ke2 Rd5 28. Rc2 Bd8 29. Bb8 Bb6 30. a3 Kf7 31. g4 Rd8 32. Be5
Rd5 33. Bc3 e5 34. Bd2 Ke6 35. Rc4 1-0

[Event "11e tournoi d'automne - tournoi A"]
[Site "Montigny le Bretonneux"]
[Date "2012.10.27"]
[Round "1.2"]
[White "Girard, Eric"]
[Black "Veron, Cyprien"]
[Result "1/2-1/2"]
[WhiteElo "2122"]
[BlackElo "2052"]
[PlyCount "113"]
[EventDate "2012.10.??"]
[EventType "tourn"]
[EventRounds "9"]
[EventCountry "FRA"]
[SourceDate "2005.09.12"]

{Ouverture anglaise, variante des quatre cavaliers} 1. c4 e5 2. Nc3 Nf6 3. Nf3
Nc6 4. e4 Bb4 5. d3 O-O 6. a3 Be7 7. Be2 d6 8. h3 h6 9. Be3 Nh7 10. Nd5 f5 11.
exf5 Bxf5 12. Qd2 e4 13. dxe4 Bxe4 14. Nd4 Nxd4 15. Qxd4 Bxd5 16. Qxd5+ Kh8 17.
O-O c6 18. Qd2 Bg5 19. f4 Be7 20. Rad1 Nf6 21. Bf3 Qc7 22. g4 Rad8 23. Qc2 Ng8
24. g5 Qa5 25. h4 Qc7 26. Qg6 Qd7 27. Rd2 Qf5 28. Qxf5 Rxf5 29. Bg4 Ra5 30. Rd3
b5 31. Rc1 bxc4 32. Rxc4 c5 33. Be6 Rb5 34. b3 Ra5 35. Bc1 Ra6 36. Bb2 Kh7 37.
Bd5 Rb8 38. Re4 Bf8 39. Re6 Ne7 40. Be4+ Kg8 41. gxh6 gxh6 42. Rf6 Bg7 43. Rg3
Rxb3 44. Rxb3 Bxf6 45. Bxf6 Kf7 46. Bb2 Ra4 47. Bf3 Rxf4 48. h5 c4 49. Rc3 d5
50. Kg2 Rd4 51. Rc2 Rd3 52. Bg4 Nc6 53. Be2 Rb3 54. Bd1 Rd3 55. Be2 Rb3 56. Bd1
Rd3 57. Be2 1/2-1/2

[Event "11e tournoi d'automne - tournoi A"]
[Site "Montigny le Bretonneux"]
[Date "2012.10.27"]
[Round "1.3"]
[White "Plantet, Marc"]
[Black "Forissier, Nicolas"]
[Result "0-1"]
[WhiteElo "1869"]
[BlackElo "1938"]
[PlyCount "60"]
[EventDate "2012.10.??"]
[EventType "tourn"]
[EventRounds "9"]
[EventCountry "FRA"]
[SourceDate "2005.09.12"]

{Partie italienne, guiocco piano} 1. e4 e5 2. Nf3 Nc6 3. Bc4 Bc5 4. c3 Nf6 5.
d4 exd4 6. cxd4 Bb4+ 7. Nc3 Nxe4 8. O-O Bxc3 9. d5 Bf6 10. Re1 O-O 11. dxc6 Nd6
12. cxb7 Bxb7 13. Bd3 Re8 14. Qc2 Rxe1+ 15. Nxe1 Be5 16. Be3 g6 17. Rc1 Bc6 18.
f4 Bg7 19. Qf2 Qf6 20. b3 Nf5 21. Bxa7 Qe7 22. Bxf5 gxf5 23. Bc5 Qe4 24. a4 Re8
25. Nc2 d6 26. Bd4 Qd3 27. Bxg7 Re2 28. Nb4 Qd2 29. Qxe2 Qxe2 30. Bd4 Qxg2# 0-1

[Event "11e tournoi d'automne - tournoi A"]
[Site "Montigny le Bretonneux"]
[Date "2012.10.27"]
[Round "1.4"]
[White "Gouanelle, Franck"]
[Black "Smati, Reda"]
[Result "1-0"]
[WhiteElo "2100"]
[BlackElo "2011"]
[PlyCount "93"]
[EventDate "2012.10.??"]
[EventType "tourn"]
[EventRounds "9"]
[EventCountry "FRA"]
[SourceDate "2005.09.12"]

{Défense ouest-indienne} 1. Nf3 Nf6 2. c4 e6 3. d4 b6 4. g3 Ba6 5. Qc2 Bb7 6.
Bg2 c5 7. d5 exd5 8. cxd5 Nxd5 9. O-O Nb4 10. Qb3 Bd5 11. Qd1 Bc6 12. Nc3 Be7
13. a3 N4a6 14. e4 O-O 15. Bf4 d6 16. Qd3 g5 17. Be3 Nc7 18. Rad1 Nd7 19. Bxg5
Bxg5 20. Nxg5 Qxg5 21. Qxd6 Bb5 22. f4 Qf6 23. Nxb5 Nxb5 24. Qxd7 Qxb2 25. e5
Nd4 26. Bxa8 Rxa8 27. Qd5 Re8 28. f5 Qxa3 29. Rde1 Qb3 30. Qe4 Kh8 31. e6 f6
32. Qh4 Kg7 33. Qh5 Re7 34. Rf4 Qc3 35. Ref1 Qe3+ 36. R1f2 Kh8 37. Kg2 Qe5 38.
Qh6 Rg7 39. Qh5 Re7 40. Qh6 Rg7 41. Qh4 Nc6 42. Rg4 Qd5+ 43. Kh3 Ne5 44. Rxg7
Kxg7 45. Qh5 Qd8 46. Rf4 Kh8 47. Rh4 1-0

[Event "11e tournoi d'automne - tournoi A"]
[Site "Montigny le Bretonneux"]
[Date "2012.10.27"]
[Round "1.5"]
[White "Ben Khelifa, Noomene"]
[Black "Van Dongen, Patrick"]
[Result "1/2-1/2"]
[WhiteElo "2093"]
[BlackElo "2320"]
[PlyCount "38"]
[EventDate "2012.10.??"]
[EventType "tourn"]
[EventRounds "9"]
[EventCountry "FRA"]
[SourceDate "2005.09.12"]

1. d4 {\/Gambit dame, défense slave} d5 2. c4 c6 3. e3 Bf5 4. Nc3 e6 5. Nf3 Nd7
6. Be2 h6 7. Bd3 Bxd3 8. Qxd3 Ngf6 9. O-O Bb4 10. Bd2 a5 11. a3 Bxc3 12. Bxc3
Ne4 13. b3 O-O 14. Bb2 a4 15. b4 Qb6 16. c5 Qa6 17. Qc2 f5 18. Rac1 Rae8 19.
Ne1 Nef6 1/2-1/2

[Event "11e tournoi d'automne - tournoi B"]
[Site "Montigny le Bretonneux"]
[Date "2012.10.27"]
[Round "1.1"]
[White "Couradin, Bruno"]
[Black "Conq, Alain"]
[Result "0-1"]
[WhiteElo "1752"]
[BlackElo "1853"]
[PlyCount "130"]
[EventDate "2012.10.??"]
[EventType "tourn"]
[EventRounds "9"]
[EventCountry "FRA"]
[SourceDate "2005.09.12"]

{Défense sicilienne, variante Löwenthal} 1. e4 c5 2. Nf3 Nc6 3. d4 cxd4 4. Nxd4
e5 5. Nb5 a6 6. Nd6+ Bxd6 7. Qxd6 Qf6 8. Qxf6 Nxf6 9. Nc3 b5 10. a3 Bb7 11. Bd3
b4 12. Nd5 Nxd5 13. exd5 Nd4 14. axb4 Bxd5 15. O-O O-O 16. Ra5 Be6 17. Rxe5 Nc6
18. Rh5 f5 19. Rh4 Rfb8 20. Bd2 a5 21. b5 Ne5 22. Be2 Rc8 23. Rc1 Bc4 24. Bxc4+
Nxc4 25. Bc3 Nd6 26. b6 Rc6 27. Bd4 Nc4 28. b7 Rb8 29. b3 Na3 30. c4 Rxb7 31.
Rh3 Nxc4 32. bxc4 Rxc4 33. Be3 Rxc1+ 34. Bxc1 Rb1 35. Rc3 a4 36. g3 a3 37. Rxa3
Rxc1+ 38. Kg2 Kf7 39. Rd3 Ke6 40. Re3+ Kf6 41. Rd3 Rc7 42. h4 g6 43. Kf3 Ke7
44. Kf4 h6 45. h5 Rc4+ 46. Kf3 g5 47. Re3+ Kf6 48. Rd3 g4+ 49. Kg2 Ke6 50. Kf1
d5 51. Ra3 Kf6 52. Ra6+ Kg5 53. Rd6 Rd4 54. Ke2 Kxh5 55. Ke3 Re4+ 56. Kd3 d4
57. Rxd4 Rxd4+ 58. Kxd4 Kg5 59. Ke3 h5 60. Kd4 f4 61. Ke4 f3 62. Ke5 h4 63.
gxh4+ Kxh4 64. Kf4 Kh3 65. Ke3 Kg2 0-1

[Event "11e tournoi d'automne - tournoi B"]
[Site "Montigny le Bretonneux"]
[Date "2012.10.27"]
[Round "1.2"]
[White "Branson, James"]
[Black "Duval, Dominique"]
[Result "1/2-1/2"]
[WhiteElo "1705"]
[BlackElo "1770"]
[PlyCount "90"]
[EventDate "2012.10.??"]
[EventType "tourn"]
[EventRounds "9"]
[EventCountry "FRA"]
[SourceDate "2005.09.12"]

{Défense moderne} 1. e4 g6 2. d4 Bg7 3. Be3 d6 4. Nc3 a6 5. Qd2 Nd7 6. Nf3 b5
7. e5 dxe5 8. dxe5 Nxe5 9. Qxd8+ Kxd8 10. O-O-O+ Bd7 11. Be2 Ke8 12. Bd4 f6 13.
Bxe5 fxe5 14. Nd5 Rc8 15. Rhe1 e6 16. Nc3 Nh6 17. Ne4 Rd8 18. Nfg5 Nf7 19. Nxf7
Kxf7 20. Nc5 Bc8 21. Bf3 Ke7 22. Nd3 Rhf8 23. Nxe5 Rxd1+ 24. Bxd1 Bxe5 25. Rxe5
Rxf2 26. Bf3 Kd6 27. Re1 e5 28. a3 Bf5 29. Re2 Rxe2 30. Bxe2 h5 31. g3 Kd5 32.
Kd2 Ke4 33. c3 c5 34. b3 Kd5 35. Ke3 Bc2 36. c4+ bxc4 37. Bxc4+ Kc6 38. b4 cxb4
39. axb4 Kb6 40. h4 Bf5 41. Be2 a5 42. bxa5+ Kxa5 43. Bd3 Kb4 44. Be2 Kc3 45.
Bf3 Kc4 1/2-1/2

[Event "11e tournoi d'automne - tournoi B"]
[Site "Montigny le Bretonneux"]
[Date "2012.10.27"]
[Round "1.3"]
[White "Jean, Robert"]
[Black "Mabelly, Rudy"]
[Result "1/2-1/2"]
[WhiteElo "1725"]
[BlackElo "1789"]
[PlyCount "72"]
[EventDate "2012.10.??"]
[EventType "tourn"]
[EventRounds "9"]
[EventCountry "FRA"]
[SourceDate "2005.09.12"]

{Ouverture anglaise, variante de Breme} 1. c4 Nf6 2. g3 g6 3. Nc3 Bg7 4. Bg2
O-O 5. e4 d6 6. Nge2 Nbd7 7. O-O e5 8. d3 Nc5 9. h3 Nh5 10. Be3 Ne6 11. Qd2 f5
12. exf5 gxf5 13. f4 exf4 14. gxf4 c6 15. Kh2 Qe8 16. Rg1 Rf6 17. Bf3 Rh6 18.
Nd4 Qf7 19. Nxe6 Bxe6 20. Bd4 Nf6 21. Rae1 Ng4+ 22. Bxg4 fxg4 23. Bxg7 Rxh3+
24. Kg2 Kxg7 25. Ne4 h6 26. Qc3+ Kg6 27. Nxd6 Bd5+ 28. cxd5 Qxd5+ 29. Ne4 Rxd3
30. Qf6+ Kh7 31. Qe7+ Kg8 32. Rd1 Rf8 33. Rxd3 Qxd3 34. Qe6+ Kh7 35. Qe7+ Kg8
36. Qe6+ Kh7 1/2-1/2